King of Queens Characters - Statistics

General Stats
  • This quiz has been taken 183 times
  • The average score is 12 of 18
Answer Stats
Hint Answer % Correct
"King of Queens", main charakter Douglas Heffernan
100%
^her father Arthur Spooner
97%
His wife Carrie Heffernan
96%
#1's best friend Deacon Palmer
96%
Sells Subway Tickets Spencer Olchin
88%
^his wife Kelly Palmer
86%
Dog Lady Holly Shumpert
85%
^his room mate Danny Heffernan
80%
neighbor, "Hulk" Lou Ferrigno
80%
other son Mayor
67%
their son Kirby
62%
IPS Supervisor Patrick O'Boyle
61%
#1's father Joe Heffernan
37%
#1's mother Janet Heffernen
35%
#1's sister Stephanie Heffernan
29%
#2's sister Sara Spooner
22%
married #3 Veronica Olchin
21%
#2's Boss Pruzan
17%
No matching quizzes found
Score Distribution
Percent of People with Each Score
Percentile by Number Answered
Your Score History
You have not taken this quiz